[Event "Galego-ch U14"]
[Site "Viveiro"]
[Date "2016.02.06"]
[Round "2"]
[White "Rodriguez Ferreiros, Andres"]
[Black "Reboredo Martinez, Claudio"]
[Result "1-0"]
[WhiteElo "1670"]
[BlackElo "1418"]
[PlyCount "57"]
[EventDate "2016.02.06"]
[EventType "swiss"]
[EventRounds "8"]
[EventCountry "ESP"]
[SourceTitle "EXT 2024"]
[Source "ChessBase"]
[SourceDate "2023.10.10"]
[SourceVersion "1"]
[SourceVersionDate "2023.10.10"]
[SourceQuality "1"]

1. e4 c5 2. Nf3 d6 3. d4 cxd4 4. Nxd4 Nf6 5. Nc3 a6 6. Be3 e5 7. Nf3 b5 8. a4 bxa4 9. Rxa4 Nbd7 10. Qa1 Nb6 11. Rb4 Nfd7 12. Qa5 d5 13. Rxb6 d4 14. Nxe5 Nxb6 15. Nc6 Qd6 16. Nxd4 Qb4 17. Qe5+ Qe7 18. Qxe7+ Bxe7 19. Nc6 Nd7 20. Nd5 Bd6 21. f4 Bb7 22. Na5 Bxd5 23. exd5 Bb4+ 24. Bd2 Bxd2+ 25. Kxd2 Nf6 26. c4 0-0-0 27. Nc6 Rd7 28. Bd3 Re8 29. Bf5 1-0